| 000 | 00876nas a2200265 4500 | ||
|---|---|---|---|
| 001 | BR0800260 | ||
| 003 | BR-BrBNA | ||
| 005 | 20231205111444.0 | ||
| 007 | ta | ||
| 008 | 230509b bl.|||p| |||| 00| 00por d | ||
| 040 |
_aBR-BrBNA _bpor _cBiblioteca Nacional de Agricultura |
||
| 041 | _a(Pt) | ||
| 072 | _aD50 | ||
| 100 | 1 | _aCiffoni, E.M.G. | |
| 100 | 1 | _aSant'Ana, D. de M.G. | |
| 100 | 1 | _aAcco, A. | |
| 100 | 1 | _aBarros Neto, J.T. | |
| 100 | 1 | _aEvagenlista, C.A. de L. | |
| 245 | 1 | _aComitê de ética em pesquisa envolvendo experimentação animal da Universidade Paranaense - CEPEEA/UNIPAR | |
| 650 | _aANIMAL DE LABORATÓRIO | ||
| 650 | _aÉTICA | ||
| 773 | 0 |
_tArquivos de Ciências Veterinárias e Zoologia da UNIPAR (Brazil) _xISSN 1415-8167 _g(Jul-Dec 2001), v. 4(2) p. 207-213 _wBR0800260 |
|
| 909 |
_a202311 _bLúcia _c55 _dLúcia Elande |
||
| 942 |
_2AGRIS _n0 _cANA |
||
| 999 |
_c192829 _d192829 |
||